000
00365nam a2200133Ia 4500
008
231129s1997||||xx |||||||||||||| ||spa||
020
_a
958-33-0700-9
040
_b
spa
082
_a
R 759.9861 L943L
245
0
_a
Lucy Tejada: Su obra 1947 - 1997
260
_c
1997
264
_a
Colombia (Cali): Feriva
942
_2
ddc
_c
BKS
999
_c
20160
_d
20160